A magyar kis- és középvállalkozások e-kereskedelmen keresztül történő export piacra jutásának esélye a nemzetközi szállítmányozás sajátosságainak tükrében

Bibliográfiai részletek
Szerző: Fazekasné Nagy Anna
További közreműködők: Horváth Dr. Annamária
Dokumentumtípus: Diplomadolgozat
Kulcsszavak:Kis- és középvállalkozás
E-kereskedelem
Export
Közúti fuvarozás
Állami támogatás
Európai Unió
Magyarország
Online Access:http://dolgozattar.uni-bge.hu/16306

MARC

LEADER 00000nta a2200000 i 4500
001 dolg16306
005 20200429100057.0
008 180514suuuu hu om 000 hun d
040 |a BGE Dolgozattár Repozitórium  |b hun 
041 |a hu 
100 1 |a Fazekasné Nagy Anna 
245 1 2 |a A magyar kis- és középvállalkozások e-kereskedelmen keresztül történő export piacra jutásának esélye a nemzetközi szállítmányozás sajátosságainak tükrében  |c Fazekasné Nagy Anna  |h [elektronikus dokumentum] 
695 |a Kis- és középvállalkozás 
695 |a E-kereskedelem 
695 |a Export 
695 |a Közúti fuvarozás 
695 |a Állami támogatás 
695 |a Európai Unió 
695 |a Magyarország 
700 1 |a Horváth Dr. Annamária  |e ths 
856 4 0 |u http://dolgozattar.uni-bge.hu/16306/1/SZAKDOLGOZAT%20Fazekasn%C3%A9%20Nagy%20Anna.pdf  |z Dokumentum-elérés